Music Quiz

Random Music or Song Quiz

'Moulin Rouge' Elephant Love Medley Quiz Stats

 Plays Quiz Updated Mar 12, 2020

Support Sporcle.
Go Orange.
Score 0/13 Timer 05:00
1 Play Today
Popularized By Song % Correct
Elton JohnYour Song
71.6%
Dolly PartonI Will Always Love You
64.3%
The BeatlesAll You Need Is Love
62.2%
David BowieHeroes
53.3%
U2Pride (In the Name of Love)
53.2%
Paul McCartney & WingsSilly Love Songs
48.6%
KissI Was Made for Lovin' You
46%
Joe Cocker and Jennifer WarnesUp Where We Belong
41.3%
Thelma HoustonDon't Leave Me This Way
39.7%
The Four AcesLove Is a Many Splendored Thing
17.9%
Phil CollinsOne More Night
13.8%
SweetLove Is Like Oxygen
12.6%
Chris IsaakLover's Game
5.5%

From the Vault

5-Letter Music Artists

by strokes_static

Music 4m
We chose this number because we could count to it on one hand.
Remove Ads.
Support Sporcle.
Get the best of Sporcle when you Go Orange. This ad-free experience offers more features, more stats, and more fun while also helping to support Sporcle. Thank you for becoming a member.

Show Comments

Extras

Top Quizzes Today


Score Distribution

Your Account Isn't Verified!

In order to create a playlist on Sporcle, you need to verify the email address you used during registration. Go to your Sporcle Settings to finish the process.

Report this User

Report this user for behavior that violates our Community Guidelines.

Details: